000 00701nam a2200277Ia 4500
005 20260324130645.0
008 008 260324s9999 xx 000 0 eng d
020 _a9780203961698
037 _aEBOOK
040 _aCRL
040 _beng
040 _cCRL
041 _2eng
041 _aeng
084 _qCRL
100 _aTim Chandler; Mike Cronin; Wray Vamplew; Tim Chandler; Mike Cronin
_91182600
245 0 _aSport and Physical Education: The Key Concepts
260 _bTaylor and Francis
260 _c2007
365 _a
365 _b205
856 _uhttp://www.taylorfrancis.com/books/9780203961698
942 _cEBOOK
999 _c1778961
_d1778961